<?xml version="1.0" encoding="UTF-8"?>
<record
    xmlns:xsi="http://www.w3.org/2001/XMLSchema-instance"
    xsi:schemaLocation="http://www.loc.gov/MARC21/slim http://www.loc.gov/standards/marcxml/schema/MARC21slim.xsd"
    xmlns="http://www.loc.gov/MARC21/slim">

  <leader>00728nam a22001577a 4500</leader>
  <controlfield tag="003">OSt</controlfield>
  <controlfield tag="005">20160104153327.0</controlfield>
  <controlfield tag="008">160104b        xxu||||| |||| 00| 0 eng d</controlfield>
  <datafield tag="040" ind1=" " ind2=" ">
    <subfield code="c">RUA</subfield>
  </datafield>
  <datafield tag="082" ind1=" " ind2=" ">
    <subfield code="a">LMA PHE 2013 B317 Or.1</subfield>
  </datafield>
  <datafield tag="100" ind1=" " ind2=" ">
    <subfield code="9">5983</subfield>
    <subfield code="a">PHENG, SOKUN.</subfield>
  </datafield>
  <datafield tag="245" ind1=" " ind2=" ">
    <subfield code="a">Detail survey for establishing cad astral map by using simple and modern surveying instruments, &#x1780;&#x17B6;&#x179A;&#x179C;&#x17B6;&#x179F;&#x17CB;&#x179C;&#x17C2;&#x1784;&#x179B;&#x17C6;&#x17A2;&#x17B7;&#x178F;&#x1780;&#x17D2;&#x1794;&#x17B6;&#x179B;&#x178A;&#x17B8;&#x179F;&#x1798;&#x17D2;&#x179A;&#x17B6;&#x1794;&#x17CB;&#x1780;&#x17B6;&#x179A;&#x1780;&#x179F;&#x17B6;&#x1784;&#x1795;&#x17C2;&#x1793;&#x1791;&#x17B8;&#x179F;&#x17BB;&#x179A;&#x17B7;&#x1799;&#x17C4;&#x178A;&#x17B8;&#x178A;&#x17C4;&#x1799;&#x1794;&#x17D2;&#x179A;&#x17BE;&#x1794;&#x17D2;&#x179A;&#x17B6;&#x179F;&#x17CB;&#x17A7;&#x1794;&#x1780;&#x179A;&#x178E;&#x17CD;&#x179C;&#x17B6;&#x179F;&#x17CB;&#x179C;&#x17C2;&#x1784;&#x179F;&#x17B6;&#x1798;&#x1789;&#x17D2;&#x1789; &#x1793;&#x17B7;&#x1784;&#x1791;&#x17C6;&#x1793;&#x17BE;&#x1794;</subfield>
  </datafield>
  <datafield tag="260" ind1=" " ind2=" ">
    <subfield code="a">Phnom Penh</subfield>
    <subfield code="b">RUA</subfield>
    <subfield code="c">2013</subfield>
  </datafield>
  <datafield tag="300" ind1=" " ind2=" ">
    <subfield code="a">xi; 50p.</subfield>
    <subfield code="b">ill.</subfield>
    <subfield code="c">29cm.</subfield>
  </datafield>
  <datafield tag="942" ind1=" " ind2=" ">
    <subfield code="2">ddc</subfield>
    <subfield code="c">LMA</subfield>
  </datafield>
  <datafield tag="999" ind1=" " ind2=" ">
    <subfield code="c">5580</subfield>
    <subfield code="d">5580</subfield>
  </datafield>
  <datafield tag="952" ind1=" " ind2=" ">
    <subfield code="0">0</subfield>
    <subfield code="1">0</subfield>
    <subfield code="2">ddc</subfield>
    <subfield code="4">0</subfield>
    <subfield code="6">LMA_PHE_2013_000000000000000_B317_OR_1</subfield>
    <subfield code="7">0</subfield>
    <subfield code="9">30199</subfield>
    <subfield code="a">LBB</subfield>
    <subfield code="b">LBB</subfield>
    <subfield code="c"> 	B317</subfield>
    <subfield code="d">2016-01-04</subfield>
    <subfield code="l">2</subfield>
    <subfield code="o">LMA PHE 2013 B317 Or.1</subfield>
    <subfield code="p">RUA010052</subfield>
    <subfield code="r">2025-04-21</subfield>
    <subfield code="s">2025-03-14</subfield>
    <subfield code="w">2016-01-04</subfield>
    <subfield code="y">LMA</subfield>
  </datafield>
  <datafield tag="952" ind1=" " ind2=" ">
    <subfield code="0">0</subfield>
    <subfield code="1">0</subfield>
    <subfield code="2">ddc</subfield>
    <subfield code="4">0</subfield>
    <subfield code="6">LMA_PHE_2013_000000000000000_B317_OR_2</subfield>
    <subfield code="7">0</subfield>
    <subfield code="9">30200</subfield>
    <subfield code="a">LBB</subfield>
    <subfield code="b">LBB</subfield>
    <subfield code="c"> 	B317</subfield>
    <subfield code="d">2016-01-04</subfield>
    <subfield code="l">4</subfield>
    <subfield code="o">LMA PHE 2013 B317 Or.2</subfield>
    <subfield code="p">RUA010480</subfield>
    <subfield code="r">2024-08-31</subfield>
    <subfield code="s">2024-08-14</subfield>
    <subfield code="w">2016-01-04</subfield>
    <subfield code="y">LMA</subfield>
  </datafield>
  <datafield tag="952" ind1=" " ind2=" ">
    <subfield code="0">0</subfield>
    <subfield code="1">0</subfield>
    <subfield code="2">ddc</subfield>
    <subfield code="4">0</subfield>
    <subfield code="6">LMA_PHE_2013_000000000000000_B317_OR_3</subfield>
    <subfield code="7">0</subfield>
    <subfield code="9">30201</subfield>
    <subfield code="a">LBB</subfield>
    <subfield code="b">LBB</subfield>
    <subfield code="c"> 	B317</subfield>
    <subfield code="d">2016-01-04</subfield>
    <subfield code="o">LMA PHE 2013 B317 Or.3</subfield>
    <subfield code="p">RUA010258</subfield>
    <subfield code="r">2016-01-04</subfield>
    <subfield code="w">2016-01-04</subfield>
    <subfield code="y">LMA</subfield>
  </datafield>
  <datafield tag="952" ind1=" " ind2=" ">
    <subfield code="0">0</subfield>
    <subfield code="1">0</subfield>
    <subfield code="2">ddc</subfield>
    <subfield code="4">0</subfield>
    <subfield code="6">LMA_PHE_2013_000000000000000_B317_OR_4</subfield>
    <subfield code="7">0</subfield>
    <subfield code="9">30202</subfield>
    <subfield code="a">LBB</subfield>
    <subfield code="b">LBB</subfield>
    <subfield code="c"> 	B317</subfield>
    <subfield code="d">2016-01-04</subfield>
    <subfield code="o">LMA PHE 2013 B317 Or.4</subfield>
    <subfield code="p">RUA010112</subfield>
    <subfield code="r">2016-01-04</subfield>
    <subfield code="w">2016-01-04</subfield>
    <subfield code="y">LMA</subfield>
  </datafield>
  <datafield tag="952" ind1=" " ind2=" ">
    <subfield code="0">0</subfield>
    <subfield code="1">0</subfield>
    <subfield code="2">ddc</subfield>
    <subfield code="4">0</subfield>
    <subfield code="6">LMA_PHE_2013_000000000000000_B317_OR_5</subfield>
    <subfield code="7">0</subfield>
    <subfield code="9">30203</subfield>
    <subfield code="a">LBB</subfield>
    <subfield code="b">LBB</subfield>
    <subfield code="c"> 	B317</subfield>
    <subfield code="d">2016-01-04</subfield>
    <subfield code="o">LMA PHE 2013 B317 Or.5</subfield>
    <subfield code="p">RUA010184</subfield>
    <subfield code="r">2016-01-04</subfield>
    <subfield code="w">2016-01-04</subfield>
    <subfield code="y">LMA</subfield>
  </datafield>
  <datafield tag="952" ind1=" " ind2=" ">
    <subfield code="0">0</subfield>
    <subfield code="1">0</subfield>
    <subfield code="2">ddc</subfield>
    <subfield code="4">0</subfield>
    <subfield code="6">LMA_PHE_2013_000000000000000_B317_OR_6</subfield>
    <subfield code="7">0</subfield>
    <subfield code="9">30204</subfield>
    <subfield code="a">LBB</subfield>
    <subfield code="b">LBB</subfield>
    <subfield code="c"> 	B317</subfield>
    <subfield code="d">2016-01-04</subfield>
    <subfield code="l">2</subfield>
    <subfield code="o">LMA PHE 2013 B317 Or.6</subfield>
    <subfield code="p">RUA010552</subfield>
    <subfield code="r">2018-09-25</subfield>
    <subfield code="s">2018-09-11</subfield>
    <subfield code="w">2016-01-04</subfield>
    <subfield code="y">LMA</subfield>
  </datafield>
  <datafield tag="952" ind1=" " ind2=" ">
    <subfield code="0">0</subfield>
    <subfield code="1">0</subfield>
    <subfield code="2">ddc</subfield>
    <subfield code="4">0</subfield>
    <subfield code="6">LMA_PHE_2013_000000000000000_B317_OR_7</subfield>
    <subfield code="7">0</subfield>
    <subfield code="9">30205</subfield>
    <subfield code="a">LBB</subfield>
    <subfield code="b">LBB</subfield>
    <subfield code="c"> 	B317</subfield>
    <subfield code="d">2016-01-04</subfield>
    <subfield code="o">LMA PHE 2013 B317 Or.7</subfield>
    <subfield code="p">RUA010268</subfield>
    <subfield code="r">2016-01-04</subfield>
    <subfield code="w">2016-01-04</subfield>
    <subfield code="y">LMA</subfield>
  </datafield>
  <datafield tag="952" ind1=" " ind2=" ">
    <subfield code="0">0</subfield>
    <subfield code="1">0</subfield>
    <subfield code="2">ddc</subfield>
    <subfield code="4">0</subfield>
    <subfield code="6">LMA_PHE_2013_000000000000000_B317_OR_8</subfield>
    <subfield code="7">0</subfield>
    <subfield code="9">30206</subfield>
    <subfield code="a">LBB</subfield>
    <subfield code="b">LBB</subfield>
    <subfield code="c"> 	B317</subfield>
    <subfield code="d">2016-01-04</subfield>
    <subfield code="o">LMA PHE 2013 B317 Or.8</subfield>
    <subfield code="p">RUA010124</subfield>
    <subfield code="r">2016-01-04</subfield>
    <subfield code="w">2016-01-04</subfield>
    <subfield code="y">LMA</subfield>
  </datafield>
  <datafield tag="952" ind1=" " ind2=" ">
    <subfield code="0">0</subfield>
    <subfield code="1">0</subfield>
    <subfield code="2">ddc</subfield>
    <subfield code="4">0</subfield>
    <subfield code="6">LMA_PHE_2013_000000000000000_B317_OR_9</subfield>
    <subfield code="7">0</subfield>
    <subfield code="9">31174</subfield>
    <subfield code="a">LBB</subfield>
    <subfield code="b">LBB</subfield>
    <subfield code="c"> 	B317</subfield>
    <subfield code="d">2016-01-06</subfield>
    <subfield code="o">LMA PHE 2013 B317 Or.9</subfield>
    <subfield code="p">RUA010473</subfield>
    <subfield code="r">2016-01-06</subfield>
    <subfield code="w">2016-01-06</subfield>
    <subfield code="y">LMA</subfield>
  </datafield>
  <datafield tag="952" ind1=" " ind2=" ">
    <subfield code="0">0</subfield>
    <subfield code="1">0</subfield>
    <subfield code="2">ddc</subfield>
    <subfield code="4">0</subfield>
    <subfield code="6">LMA_PHE_2013_000000000000000_B317_OR_10</subfield>
    <subfield code="7">0</subfield>
    <subfield code="9">31197</subfield>
    <subfield code="a">LBB</subfield>
    <subfield code="b">LBB</subfield>
    <subfield code="c"> 	B317</subfield>
    <subfield code="d">2016-01-06</subfield>
    <subfield code="l">2</subfield>
    <subfield code="o">LMA PHE 2013 B317 Or.10</subfield>
    <subfield code="p">RUA010336</subfield>
    <subfield code="r">2018-11-19</subfield>
    <subfield code="s">2018-11-16</subfield>
    <subfield code="w">2016-01-06</subfield>
    <subfield code="y">LMA</subfield>
  </datafield>
</record>
